| 000 | 00947cac a2200265 a 4500 | ||
|---|---|---|---|
| 003 | Co-PeBPM | ||
| 005 | 20251003164038.0 | ||
| 008 | 231129e1986||||ck a||||||||||||| ||spa|| | ||
| 020 | _a8434584085 | ||
| 040 | 0 |
_aCo-PeBPM _bspa _cCo-PeBPM _erda |
|
| 041 | _aspa | ||
| 082 | 0 | 4 |
_a551.22 B725i _222 |
| 100 | 1 |
_aBooth, Basil _eautor |
|
| 245 | 1 | 0 |
_aLa inestable tierra _b: pasado presente y futuro de las catastrofes naturales _c/ Basil Booth, Frank Fitch, traducción Miquel Canals |
| 260 |
_aBarcelona, España _b: Salvat _c,1986 |
||
| 300 |
_a282 páginas _b: Ilustraciones a blanco y negro _c; 19 centímetros |
||
| 500 | _aIncluye índice. | ||
| 650 | 1 | 4 |
_aDesastres naturales _2LEMB |
| 650 | 1 | 4 |
_aMovimientos tectónicos _2LEMB |
| 650 | 1 | 4 |
_aGeología Divulgación _2LEMB |
| 650 | 1 | 4 |
_aPrevención de desastres _2LEMB |
| 700 |
_aCanals, Miquel _etraducción |
||
| 942 |
_2ddc _cBK |
||
| 999 |
_c17383 _d17383 |
||